Simulation of coating phase structure formation in solid phase synthesis assisted by electron-beam treatment; Theoretical Foundations of Chemical Engineering; Vol. 42, iss. 4
| Parent link: | Theoretical Foundations of Chemical Engineering Vol. 42, iss. 4.— 2008.— [P. 443-451] |
|---|---|
| Autore principale: | |
| Altri autori: | |
| Riassunto: | Title screen The model of coating synthesis on an iron substrate under heating by a moving energy source typical for electron-beam treatment has been proposed and analyzed. The problem has been solved numerically. The time and spatial distributions of the temperature and the concentrations of the elements and compounds have been found. The regimes of coating formation from the initial material may proceed in a stationary or non-stationary, self-sustaining or forced regime, depending on the energy parameters that characterize the external source and chemical reactions, as well as on the initial concentrations of the elements and phases. Режим доступа: по договору с организацией-держателем ресурса |
| Lingua: | inglese |
| Pubblicazione: |
2008
|
| Soggetti: | |
| Accesso online: | http://link.springer.com/article/10.1134/S0040579508040131 |
| Natura: | Elettronico Capitolo di libro |
| KOHA link: | https://koha.lib.tpu.ru/cgi-bin/koha/opac-detail.pl?biblionumber=638037 |
MARC
| LEADER | 00000naa0a2200000 4500 | ||
|---|---|---|---|
| 001 | 638037 | ||
| 005 | 20260326095023.0 | ||
| 035 | |a (RuTPU)RU\TPU\network\2244 | ||
| 090 | |a 638037 | ||
| 100 | |a 20141125d2008 k||y0rusy50 ba | ||
| 101 | 0 | |a eng | |
| 102 | |a US | ||
| 135 | |a arcn ---uucaa | ||
| 181 | 0 | |a i | |
| 182 | 0 | |a b | |
| 200 | 1 | |a Simulation of coating phase structure formation in solid phase synthesis assisted by electron-beam treatment |f S. N. Sorokova, A. G. Knyazeva | |
| 203 | |a Text |c electronic | ||
| 300 | |a Title screen | ||
| 320 | |a [References: p. 451 (15 tit.)] | ||
| 330 | |a The model of coating synthesis on an iron substrate under heating by a moving energy source typical for electron-beam treatment has been proposed and analyzed. The problem has been solved numerically. The time and spatial distributions of the temperature and the concentrations of the elements and compounds have been found. The regimes of coating formation from the initial material may proceed in a stationary or non-stationary, self-sustaining or forced regime, depending on the energy parameters that characterize the external source and chemical reactions, as well as on the initial concentrations of the elements and phases. | ||
| 333 | |a Режим доступа: по договору с организацией-держателем ресурса | ||
| 461 | |t Theoretical Foundations of Chemical Engineering | ||
| 463 | |t Vol. 42, iss. 4 |v [P. 443-451] |d 2008 | ||
| 610 | 1 | |a электронный ресурс | |
| 610 | 1 | |a труды учёных ТПУ | |
| 700 | 1 | |a Sorokova |b S. N. |c specialist in the field of Informatics and computer engineering |c associate Professor of Tomsk Polytechnic University, programmer, candidate of physico-mathematical Sciences |f 1981- |g Svetlana Nikolaevna |3 (RuTPU)RU\TPU\pers\32711 |9 16596 | |
| 701 | 1 | |a Knyazeva |b A. G. |c Russian physicist |c Professor of Tomsk Polytechnic University, doctor of physico-mathematical Sciences |f 1962- |g Anna Georgievna |3 (RuTPU)RU\TPU\pers\32712 |9 16597 | |
| 801 | 2 | |a RU |b 63413507 |c 20141125 |g RCR | |
| 856 | 4 | |u http://link.springer.com/article/10.1134/S0040579508040131 | |
| 942 | |c CF | ||